[Event "HUN-ch Rapid"]
[Site "Ajka"]
[Date "2022.07.15"]
[Round "2"]
[White "Krstulovic, Alex"]
[Black "Juhasz, Zoltan"]
[Result "1-0"]
[WhiteElo "2413"]
[BlackElo "1985"]
[PlyCount "69"]
[EventDate "2022.07.15"]
[EventType "swiss (rapid)"]
[EventRounds "13"]
[EventCountry "HUN"]
[SourceTitle "CBM 209 Extra"]
[Source "ChessBase"]
[SourceDate "2022.09.30"]
[SourceVersion "1"]
[SourceVersionDate "2022.09.30"]
[SourceQuality "1"]

1. e4 e6 2. a3 d5 3. e5 c5 4. b4 c4 5. d3 b5 6. dxc4 bxc4 7. Be3 Bd7 8. Nc3 Ne7 9. f4 Nf5 10. Bf2 h5 11. Nf3 Na6 12. Ne2 Nc7 13. Ned4 Nxd4 14. Nxd4 Nb5 15. Nxb5 Bxb5 16. c3 a6 17. a4 Bc6 18. Bd4 g5 19. f5 g4 20. Be2 Qh4+ 21. Bf2 Qg5 22. fxe6 fxe6 23. 0-0 Bg7 24. b5 Bb7 25. Qd4 0-0 26. Qb6 Bc8 27. Qc6 Rb8 28. bxa6 Rb2 29. Bc5 Rd8 30. a7 Bd7 31. a8Q Bxc6 32. Qxc6 Rxe2 33. Qxe6+ Kh8 34. Rf5 Rxe5 35. Qxe5 1-0

[Event "HUN-chT2 Asztalos 1415"]
[Site "Hungary"]
[Date "2015.01.25"]
[Round "5"]
[White "Percze, Janos"]
[Black "Juhasz, Zoltan"]
[Result "1-0"]
[WhiteElo "2160"]
[BlackElo "1929"]
[PlyCount "78"]
[EventDate "2014.10.12"]
[EventType "team-tourn"]
[EventRounds "9"]
[EventCountry "HUN"]
[SourceTitle "EXT 2016"]
[Source "ChessBase"]
[SourceDate "2015.10.08"]
[SourceVersion "1"]
[SourceVersionDate "2015.10.08"]
[SourceQuality "1"]
[WhiteTeam "Nagyatad"]
[BlackTeam "Szentlorinc"]
[WhiteTeamCountry "HUN"]
[BlackTeamCountry "HUN"]

1. d4 Nf6 2. c4 g6 3. Nc3 Bg7 4. e4 d6 5. Be2 0-0 6. Bg5 h6 7. Bf4 Nfd7 8. Qd2 Kh7 9. Be3 e5 10. d5 a5 11. g4 Nc5 12. 0-0-0 Nbd7 13. h3 Nf6 14. f3 Bd7 15. Bd3 Nxd3+ 16. Qxd3 b6 17. Nge2 Qe7 18. Kb1 Rae8 19. Ng3 Ng8 20. Nb5 Qd8 21. h4 Ne7 22. h5 g5 23. Rd2 f6 24. Kc2 Rf7 25. Kd1 Bf8 26. Ke2 Bxb5 27. cxb5 Qd7 28. Rc1 Ra8 29. a4 Ng8 30. Rdc2 Ra7 31. Ra1 Re7 32. Qc4 Re8 33. b4 axb4 34. a5 Rxa5 35. Rxa5 bxa5 36. Qxc7 Re7 37. Qxa5 b3 38. Rc6 Qb7 39. Qb4 Rc7 1-0

[Event "HUN-chT2 Asztalos 1314"]
[Site "Hungary"]
[Date "2014.04.13"]
[Round "8"]
[White "Juhasz, Zoltan"]
[Black "Szabo, Attila2222"]
[Result "1/2-1/2"]
[WhiteElo "1892"]
[BlackElo "1965"]
[PlyCount "26"]
[EventDate "2013.09.08"]
[EventType "team-tourn"]
[EventRounds "9"]
[EventCountry "HUN"]
[SourceTitle "EXT 2016"]
[Source "ChessBase"]
[SourceDate "2015.10.08"]
[SourceVersion "1"]
[SourceVersionDate "2015.10.08"]
[SourceQuality "1"]
[WhiteTeam "Pecs Karmin"]
[BlackTeam "Szentlorinc"]
[WhiteTeamCountry "HUN"]
[BlackTeamCountry "HUN"]

1. e4 c6 2. d4 d5 3. e5 Bf5 4. Nc3 e6 5. g4 Bg6 6. Nge2 c5 7. Be3 Nd7 8. h4 h6 9. Nf4 Bh7 10. Nh5 Bg6 11. Nf4 Bh7 12. Nh5 Bg6 13. Nf4 Bh7 1/2-1/2

[Event "HUN-chT2 Szechenyi 1112"]
[Site "Hungary"]
[Date "2012.01.29"]
[Round "5.12"]
[White "Juhasz, Zoltan"]
[Black "Szukics, Adam"]
[Result "1/2-1/2"]
[WhiteElo "1719"]
[BlackElo "1646"]
[PlyCount "66"]
[EventDate "2011.09.25"]
[EventType "team-tourn"]
[EventRounds "11"]
[EventCountry "HUN"]
[SourceTitle "EXT 2013"]
[Source "ChessBase"]
[SourceDate "2012.11.22"]
[SourceVersion "1"]
[SourceVersionDate "2012.11.22"]
[SourceQuality "1"]
[WhiteTeam "Zalaegerszeg"]
[BlackTeam "Haladas"]
[WhiteTeamCountry "HUN"]
[BlackTeamCountry "HUN"]

1. e4 e5 2. f4 d5 3. exd5 Bc5 4. Nf3 e4 5. Ne5 Nf6 6. d3 exd3 7. Qxd3 0-0 8. Nc3 Nbd7 9. Be3 Bxe3 10. Qxe3 Nxe5 11. fxe5 Nxd5 12. Qe4 Nxc3 13. bxc3 c6 14. Bd3 g6 15. 0-0 Re8 16. Rae1 Be6 17. a4 Bd5 18. Qf4 Qc7 19. Re3 Rad8 20. h4 Qe7 21. h5 Kg7 22. hxg6 hxg6 23. Rh3 Rh8 24. Rxh8 Rxh8 25. Qf6+ Qxf6 26. exf6+ Kf8 27. Re1 Be6 28. Bxg6 Rh6 29. Be4 Rxf6 30. a5 Bc4 31. Rb1 Ba6 32. Bd3 Bxd3 33. cxd3 Rf5 1/2-1/2